00380nam a2200145Ia 4500008004100000084001300041100002200054245004800076250002000124260001800144260000900162260001500171300001300186500003500199180424s9999 xx 000 0 und d a361.4 K7 a"Kramer, Ralph M" 0aReadings in Community Organization Practice a\\196900ENGGPCX aPrentice Hall b1969 cNew Jersey axvi+458p aincludes index and biblioraphy